000 00466nam a2200169Ia 4500
008 221030s9999 xx 000 0 und d
020 _a8185099154
041 _aEnglish
082 _a105.23
_bCho
100 _aS. K. H. Choudhury
245 0 _aElements of Workshop Technology Vol. II - Machine Tools
_cby S. K. H. Choudhury, S. K. Bose
260 _bMedia Promoters
_aMumbai
_c1997
300 _a688
650 _aMechanical
700 _aS. K. Bose
942 _cBK
999 _c5750
_d5750